|
|
|
|
| LEADER |
00574nam a2200157Ia 4500 |
| 008 |
140316s9999 xx 000 0 und d |
| 020 |
|
|
|a 8170247292
|
| 082 |
|
|
|a 658.8
|b SHA/ST
|
| 100 |
|
|
|a Shaw,John
|
| 245 |
|
|
|a Strategies into the 1990s : the master plan guide to profitable sales and markeing development
|
| 260 |
|
|
|a London
|b W H Allen and Co
|
| 300 |
|
|
|a 166
|
| 650 |
|
|
|a Marketing management
|
| 942 |
|
|
|2 ddc
|c BK
|
| 999 |
|
|
|c 5199
|d 5199
|
| 952 |
|
|
|0 0
|1 0
|2 ddc
|4 0
|6 658_800000000000000_SHAST
|7 0
|9 6208
|a KAUCLV
|b KAUCLV
|c GENERAL
|d 2014-03-18
|o 658.8 SHA/ST
|p 211996
|r 2014-03-18
|w 2014-03-18
|y BK
|